[Event "FRA-ch U20"]
[Site "Europe Echecs INT"]
[Date "2020.07.12"]
[Round "5"]
[White "Greuthier, Alois"]
[Black "Weisman, Nathan"]
[Result "0-1"]
[WhiteElo "1601"]
[BlackElo "2186"]
[PlyCount "104"]
[EventDate "2020.07.12"]
[EventType "swiss (rapid)"]
[EventRounds "9"]
[EventCountry "FRA"]
[SourceTitle "EXT 2021"]
[Source "ChessBase"]
[SourceDate "2020.10.23"]
[SourceVersion "1"]
[SourceVersionDate "2020.10.23"]
[SourceQuality "1"]

1. e4 Nf6 2. e5 Nd5 3. d4 d6 4. Nf3 g6 5. Bc4 Nb6 6. Bb3 Bg7 7. 0-0 0-0 8. h3 Nc6 9. Re1 dxe5 10. d5 Nd4 11. c4 c6 12. dxc6 Nxc6 13. c5 Qxd1 14. Rxd1 Nd7 15. Be3 e4 16. Nd4 Nxd4 17. Bxd4 Bxd4 18. Rxd4 Nxc5 19. Nc3 e3 20. Bd5 exf2+ 21. Kxf2 Be6 22. Bf3 Rfd8 23. Rad1 Rxd4 24. Rxd4 Rc8 25. a3 Nb3 26. Rd1 b6 27. Bd5 Bxd5 28. Rxd5 Nc5 29. Nb5 a6 30. Nc3 Kf8 31. h4 Ke8 32. g4 Rd8 33. h5 Rxd5 34. Nxd5 Nd3+ 35. Ke3 Nxb2 36. Nxb6 Kd8 37. hxg6 fxg6 38. Ke4 Kc7 39. Nd5+ Kd6 40. g5 Nc4 41. Nb4 a5 42. Nc2 Nd2+ 43. Ke3 Nc4+ 44. Ke4 e5 45. Kd3 Kd5 46. Kc3 e4 47. a4 Nb6 48. Ne3+ Ke5 49. Ng4+ Kf4 50. Nf6 Kxg5 51. Nxe4+ Kf4 52. Nc5 h5 0-1

[Event "FRA-ch U20"]
[Site "Europe Echecs INT"]
[Date "2020.07.12"]
[Round "2"]
[White "Weisman, Nathan"]
[Black "Lamaze, Simon"]
[Result "1/2-1/2"]
[WhiteElo "2186"]
[BlackElo "2185"]
[PlyCount "112"]
[EventDate "2020.07.12"]
[EventType "swiss (rapid)"]
[EventRounds "9"]
[EventCountry "FRA"]
[SourceTitle "EXT 2021"]
[Source "ChessBase"]
[SourceDate "2020.10.23"]
[SourceVersion "1"]
[SourceVersionDate "2020.10.23"]
[SourceQuality "1"]

1. e4 c5 2. Nf3 Nc6 3. Bb5 g6 4. Bxc6 dxc6 5. d3 Bg7 6. h3 e5 7. a4 Ne7 8. a5 Be6 9. Be3 b6 10. Na3 0-0 11. Ng5 Bd7 12. axb6 axb6 13. Nc4 f6 14. Nf3 g5 15. 0-0 Qc7 16. b4 b5 17. Bxc5 bxc4 18. Bxe7 Rfe8 19. Rxa8 Rxa8 20. dxc4 Be6 21. Bd6 Qf7 22. c5 h5 23. Nh2 Kh7 24. g4 Ra3 25. f3 Qb7 26. Qd2 Ra2 27. Qc3 Qb5 28. Rd1 Qe2 29. Qd3 Qxc2 30. Qxc2 Rxc2 31. Nf1 Rb2 32. Be7 Kg6 33. Rd6 Kf7 34. Bd8 Bf8 35. Rxc6 Rxb4 36. Rc7+ Kg6 37. gxh5+ Kxh5 38. Bxf6 Bxh3 39. Bxe5 Bxc5+ 40. Rxc5 Rb1 41. Bf4 Rxf1+ 42. Kh2 Rxf3 43. Bxg5 Be6 44. Be7+ Kg6 45. Rg5+ Kf7 46. Bd6 Re3 47. e5 Bd5 48. Rf5+ Ke6 49. Rf6+ Kd7 50. Rg6 Rd3 51. Kg1 Rf3 52. Rg7+ Kd8 53. Rg6 Kd7 54. Rg7+ Kd8 55. Bc7+ Ke8 56. Bd6 Kd8 1/2-1/2

[Event "FRA-ch U20"]
[Site "Europe Echecs INT"]
[Date "2020.07.12"]
[Round "8"]
[White "Weisman, Nathan"]
[Black "Saya, Ethan"]
[Result "0-1"]
[WhiteElo "2186"]
[BlackElo "2199"]
[PlyCount "94"]
[EventDate "2020.07.12"]
[EventType "swiss (rapid)"]
[EventRounds "9"]
[EventCountry "FRA"]
[SourceTitle "EXT 2021"]
[Source "ChessBase"]
[SourceDate "2020.10.23"]
[SourceVersion "1"]
[SourceVersionDate "2020.10.23"]
[SourceQuality "1"]

1. e4 d5 2. exd5 Qxd5 3. Nc3 Qa5 4. d4 Nf6 5. Nf3 Bf5 6. Bc4 e6 7. Bd2 c6 8. Nd5 Qd8 9. Nxf6+ Qxf6 10. Qe2 Bd6 11. 0-0-0 Bg4 12. d5 cxd5 13. Bxd5 Nc6 14. Bc3 Bf4+ 15. Kb1 Qh6 16. h3 Bxf3 17. Bxf3 0-0 18. Rd7 Rab8 19. Rhd1 Bg5 20. g3 Bf6 21. Bd2 Bg5 22. h4 Bxd2 23. R1xd2 Qf6 24. Be4 Rfd8 25. Bxc6 bxc6 26. Rxd8+ Rxd8 27. Rxd8+ Qxd8 28. c3 Qd5 29. b3 h6 30. c4 Qd4 31. Qe3 Qxe3 32. fxe3 g5 33. hxg5 hxg5 34. b4 f5 35. Kc2 Kf7 36. Kd3 e5 37. a4 Ke6 38. g4 f4 39. Ke4 Kd6 40. a5 a6 41. Kf3 c5 42. b5 axb5 43. cxb5 c4 44. Ke4 c3 45. a6 Kc7 46. exf4 exf4 47. Kd3 f3 0-1

[Event "FRA-ch U18/14 Online"]
[Site "Europe Echecs INT"]
[Date "2020.07.11"]
[Round "4"]
[White "Droin, Augustin"]
[Black "Weisman, Nathan"]
[Result "1/2-1/2"]
[WhiteElo "2313"]
[BlackElo "2186"]
[PlyCount "60"]
[EventDate "2020.07.11"]
[EventType "swiss (blitz)"]
[EventRounds "9"]
[EventCountry "FRA"]
[SourceTitle "EXT 2021"]
[Source "ChessBase"]
[SourceDate "2020.10.23"]
[SourceVersion "1"]
[SourceVersionDate "2020.10.23"]
[SourceQuality "1"]

1. e4 c5 2. Nf3 e6 3. d4 cxd4 4. Nxd4 Nf6 5. Nc3 d6 6. g4 e5 7. Nf5 h5 8. Bb5+ Nc6 9. g5 Nxe4 10. Nxg7+ Bxg7 11. Nxe4 d5 12. Nc3 Be6 13. Bd2 e4 14. Bf4 Qa5 15. Qd2 Bxc3 16. Qxc3 Qxb5 17. Qxh8+ Kd7 18. Qxa8 Bg4 19. c4 Qxb2 20. 0-0 Nd4 21. Qb8 Ne2+ 22. Kg2 Bf3+ 23. Kh3 Bg4+ 24. Kh4 Nd4 25. Qc7+ Ke8 26. Qe5+ Kf8 27. Qh8+ Ke7 28. Qe5+ Kf8 29. Qh8+ Ke7 30. Qe5+ Kf8 1/2-1/2

[Event "FRA-ch U18/14 Online"]
[Site "Europe Echecs INT"]
[Date "2020.07.11"]
[Round "5"]
[White "Weisman, Nathan"]
[Black "Rebut, Paul"]
[Result "1/2-1/2"]
[WhiteElo "2186"]
[BlackElo "1966"]
[PlyCount "79"]
[EventDate "2020.07.11"]
[EventType "swiss (blitz)"]
[EventRounds "9"]
[EventCountry "FRA"]
[SourceTitle "EXT 2021"]
[Source "ChessBase"]
[SourceDate "2020.10.23"]
[SourceVersion "1"]
[SourceVersionDate "2020.10.23"]
[SourceQuality "1"]

1. e4 d5 2. exd5 Qxd5 3. Nc3 Qa5 4. d4 Nf6 5. Nf3 Bf5 6. Bc4 e6 7. Bd2 Bb4 8. 0-0 0-0 9. a3 Bxc3 10. Bxc3 Qb6 11. Bd3 Bg6 12. Bxg6 hxg6 13. b3 Nc6 14. Qe2 Rad8 15. Rfd1 Rd7 16. b4 Rfd8 17. Bb2 a6 18. c4 Qa7 19. Bc3 g5 20. d5 exd5 21. Nxg5 dxc4 22. Rxd7 Rxd7 23. Bxf6 gxf6 24. Qe8+ Kg7 25. Ne6+ fxe6 26. Qxd7+ Kg6 27. Qxe6 Qd4 28. Re1 Ne5 29. h4 c3 30. h5+ Kg5 31. Qg8+ Kf5 32. h6 Qd2 33. Rxe5+ Kxe5 34. h7 Qc1+ 35. Kh2 Qh6+ 36. Kg3 Qf4+ 37. Kh3 Qh6+ 38. Kg3 Qf4+ 39. Kh3 Qh6+ 40. Kg3 1/2-1/2

[Event "FRA-ch Blitz Online Qual"]
[Site "Europe Echecs INT"]
[Date "2020.05.16"]
[Round "2"]
[White "Weisman, Nathan"]
[Black "Macon, Arthur"]
[Result "1/2-1/2"]
[WhiteElo "2186"]
[BlackElo "2310"]
[PlyCount "186"]
[EventDate "2020.05.16"]
[EventType "swiss (blitz)"]
[EventRounds "15"]
[EventCountry "FRA"]
[SourceTitle "CBM 196 Extra"]
[Source "ChessBase"]
[SourceDate "2020.07.31"]
[SourceVersion "1"]
[SourceVersionDate "2020.07.31"]
[SourceQuality "1"]

1. e4 c6 2. d4 d5 3. Nd2 dxe4 4. Nxe4 Bf5 5. Ng3 Bg6 6. h4 h6 7. Nh3 e6 8. Nf4 Bh7 9. Bc4 Nf6 10. 0-0 Bd6 11. Re1 0-0 12. Ngh5 Nxh5 13. Nxh5 Qxh4 14. g3 Qe7 15. Qg4 Bg6 16. Bxh6 gxh6 17. Rxe6 fxe6 18. Qxg6+ Kh8 19. Qxh6+ Qh7 20. Qxe6 Qxh5 21. Qxd6 Na6 22. Kg2 Qf3+ 23. Kh3 Rf6 24. Qe5 Qf5+ 25. Qxf5 Rxf5 26. Kg4 Rxf2 27. Rh1+ Kg7 28. Re1 Rf7 29. Bxf7 Kxf7 30. Kf5 Rd8 31. c3 Rd5+ 32. Kf4 Nc7 33. g4 Ne6+ 34. Kf3 Kf6 35. Rh1 Rd7 36. Rh6+ Ke7 37. Rh7+ Kd6 38. Rh6 Rf7+ 39. Ke3 Ke7 40. Rg6 Nf8 41. Rg5 Kf6 42. Rf5+ Kg6 43. Re5 Nd7 44. Re6+ Kg5 45. Re8 Kxg4 46. Rg8+ Kf5 47. Ra8 a6 48. Ra7 Nb6 49. Kd3 Ke6 50. c4 Rc7 51. c5 Nc8 52. Ra8 Kd5 53. b4 Ke6 54. Rb8 Kd7 55. Kc4 Ne7 56. a4 Nd5 57. b5 axb5+ 58. axb5 Ne3+ 59. Kd3 Nd5 60. b6 Rc8 61. Rxb7+ Ke6 62. Ra7 Rb8 63. Kc4 Ne3+ 64. Kb4 Nd5+ 65. Ka5 Ne7 66. b7 Kd7 67. Kb6 Nd5+ 68. Ka6 Kc7 69. Ra8 Rxb7 70. Rh8 Rb1 71. Rh7+ Kc8 72. Rh6 Kd7 73. Rh7+ Ne7 74. Ka5 Rb5+ 75. Ka4 Rb8 76. Rg7 Ke6 77. Rh7 Rd8 78. Rh6+ Kf7 79. Rd6 Rxd6 80. cxd6 Nf5 81. Kb4 Ke6 82. Kc5 Nxd4 83. Kxd4 Kxd6 84. Kc4 c5 85. Kc3 Kd5 86. Kd3 c4+ 87. Kc3 Kc5 88. Kc2 Kd4 89. Kd2 c3+ 90. Kc2 Kc4 91. Kc1 Kd3 92. Kd1 c2+ 93. Kc1 Kc3 1/2-1/2

[Event "Glorney Cup"]
[Site "Dublin"]
[Date "2019.07.22"]
[Round "1"]
[White "Weisman, Nathan"]
[Black "Volland, Ben"]
[Result "1-0"]
[WhiteElo "2071"]
[BlackElo "1846"]
[PlyCount "121"]
[EventDate "2019.07.22"]
[EventType "team-tourn"]
[EventRounds "5"]
[EventCountry "IRL"]
[SourceTitle "CBM 191 Extra"]
[Source "ChessBase"]
[SourceDate "2019.09.30"]
[SourceVersion "1"]
[SourceVersionDate "2019.09.30"]
[SourceQuality "1"]
[WhiteTeam "France"]
[BlackTeam "Scotland"]
[WhiteTeamCountry "FRA"]
[BlackTeamCountry "SCO"]

1. e4 e5 2. Nf3 Nc6 3. d4 exd4 4. Nxd4 Bc5 5. Nb3 Bb6 6. Nc3 d6 7. Qe2 Nge7 8. Be3 Bxe3 9. Qxe3 Be6 10. 0-0-0 Bxb3 11. axb3 Qd7 12. f4 0-0-0 13. Bc4 Ng6 14. Rhe1 Rhe8 15. Qf2 a6 16. g3 Kb8 17. e5 Qf5 18. exd6 Rxe1 19. dxc7+ Kxc7 20. Rxe1 Qa5 21. Kb1 Rd7 22. Rd1 Rxd1+ 23. Nxd1 f6 24. Nc3 Qh5 25. Nd5+ Kb8 26. Qb6 Qd1+ 27. Ka2 Qd4 28. Qc7+ Ka7 29. Qxg7 Qd2 30. c3 Qxh2 31. Qc7 Qf2 32. b4 Qc2 33. Bb3 Qd3 34. Qxh7 Qxg3 35. Ba4 Qd3 36. Bxc6 Qc4+ 37. Ka3 Qxc6 38. Qxg6 Qxd5 39. Qxf6 b6 40. f5 a5 41. Qe7+ Ka6 42. Qe2+ Kb7 43. f6 axb4+ 44. cxb4 Qf5 45. Qe7+ Ka6 46. f7 Qd3+ 47. Ka2 Qc4+ 48. Kb1 Qf1+ 49. Kc2 Qc4+ 50. Kd1 Qd3+ 51. Ke1 Qg3+ 52. Kd2 Qf4+ 53. Kd3 Qf1+ 54. Kd4 Qf4+ 55. Kd5 Qf5+ 56. Kd6 Qd3+ 57. Kc7 Qc4+ 58. Kb8 Qf4+ 59. Qc7 Qf6 60. Qc4+ b5 61. Qc8+ 1-0

[Event "Paris ChessMates 3rd"]
[Site "Paris"]
[Date "2019.03.31"]
[Round "5.2"]
[White "Weisman, Nathan"]
[Black "See, Tristian"]
[Result "1-0"]
[WhiteElo "2030"]
[BlackElo "1978"]
[PlyCount "73"]
[EventDate "2019.03.29"]
[EventType "team-tourn"]
[EventRounds "5"]
[EventCountry "FRA"]
[SourceTitle "CBM 189 Extra"]
[Source "ChessBase"]
[SourceDate "2019.06.03"]
[SourceVersion "1"]
[SourceVersionDate "2019.06.03"]
[SourceQuality "1"]
[WhiteTeam "Idf Team"]
[BlackTeam "England"]
[WhiteTeamCountry "FRA"]
[BlackTeamCountry "ENG"]

1. e4 c5 2. Nf3 Nc6 3. Bb5 g6 4. Bxc6 dxc6 5. d3 Bg7 6. h3 e5 7. a4 a5 8. Be3 b6 9. Na3 Ba6 10. Qd2 Qc7 11. Qc3 Rb8 12. 0-0 Ne7 13. Nc4 Bxc4 14. Qxc4 0-0 15. Nh2 Kh8 16. f4 f5 17. fxe5 Bxe5 18. Nf3 f4 19. Nxe5 Qxe5 20. Bd2 Qd4+ 21. Qxd4+ cxd4 22. Bxf4 Rbe8 23. Be5+ Kg8 24. Bxd4 c5 25. Bc3 Nc6 26. Rxf8+ Rxf8 27. Rf1 Rxf1+ 28. Kxf1 Kf7 29. Ke2 Ke6 30. Ke3 Nd8 31. d4 Kd6 32. d5 Nf7 33. Bf6 Ne5 34. Bxe5+ Kxe5 35. h4 h6 36. Kf3 c4 37. c3 1-0

[Event "Glorney Cup"]
[Site "Paisley"]
[Date "2018.07.16"]
[Round "1.3"]
[White "Weisman, Nathan"]
[Black "Zelenchuk, Daniil"]
[Result "0-1"]
[WhiteElo "2003"]
[BlackElo "1700"]
[PlyCount "104"]
[EventDate "2018.07.16"]
[EventType "team-tourn"]
[EventRounds "5"]
[EventCountry "SCO"]
[SourceTitle "EXT 2021"]
[Source "ChessBase"]
[SourceDate "2020.10.23"]
[SourceVersion "1"]
[SourceVersionDate "2020.10.23"]
[SourceQuality "1"]
[WhiteTeam "France U18"]
[BlackTeam "Ireland U18"]
[WhiteTeamCountry "FRA"]
[BlackTeamCountry "IRL"]

1. e4 c5 2. Nf3 d6 3. Bb5+ Bd7 4. Bxd7+ Nxd7 5. 0-0 Ngf6 6. Qe2 e6 7. c3 Be7 8. d4 d5 9. e5 Ne4 10. Be3 c4 11. Ne1 h6 12. f3 Ng5 13. Nd2 g6 14. b3 b5 15. f4 Nh7 16. bxc4 bxc4 17. f5 exf5 18. Bxh6 Bg5 19. Bxg5 Nxg5 20. Qe3 Ne6 21. Nc2 Nb6 22. a4 a5 23. Na3 Qd7 24. Nb5 Nxa4 25. Nd6+ Ke7 26. Rab1 Rab8 27. Rxb8 Rxb8 28. Qh6 Nxc3 29. Qh4+ g5 30. Qh7 Ne2+ 31. Kh1 N2xd4 32. Qxf7+ Kd8 33. Qf6+ Kc7 34. Rc1 Qg7 35. N2xc4 Qxf6 36. Nxa5+ Kd7 37. exf6 Kxd6 38. f7 Rb5 39. h4 Rxa5 40. hxg5 Ra8 41. g6 Ne2 42. g4 f4 43. Rb1 f3 44. Rb6+ Ke7 45. Rb7+ Kf6 46. g5+ Nxg5 47. Rb6+ Kg7 48. f8Q+ Rxf8 49. Rb7+ Kxg6 50. Rb6+ Kg7 51. Rb7+ Kf6 52. Rb6+ Ne6 0-1

[Event "FRA-ch U14"]
[Site "Gonfreville"]
[Date "2016.04.10"]
[Round "1.6"]
[White "Gatineau, Yovann"]
[Black "Weisman, Nathan"]
[Result "1-0"]
[WhiteElo "2279"]
[BlackElo "1689"]
[PlyCount "67"]
[EventDate "2016.04.22"]
[EventType "swiss"]
[EventRounds "9"]
[EventCountry "FRA"]
[SourceTitle "EXT 2019"]
[Source "ChessBase"]
[SourceDate "2018.10.10"]
[SourceVersion "1"]
[SourceVersionDate "2018.10.10"]
[SourceQuality "1"]

1. d4 Nf6 2. c4 g6 3. Nc3 d5 4. cxd5 Nxd5 5. e4 Nxc3 6. bxc3 Bg7 7. Nf3 0-0 8. Be2 c5 9. Be3 Nc6 10. 0-0 Bg4 11. d5 Bxf3 12. Bxf3 Ne5 13. Be2 Nd7 14. Rb1 b6 15. c4 Qc7 16. f4 f6 17. h4 f5 18. e5 Bh6 19. Qd2 Rad8 20. Rf3 Rfe8 21. h5 Nf8 22. hxg6 hxg6 23. g4 Qc8 24. Rg3 Bg7 25. gxf5 Qxf5 26. Bd3 Qf7 27. e6 Qf6 28. f5 Qh4 29. Qg2 Bd4 30. fxg6 Bg7 31. Rf1 Bd4 32. g7 Bxe3+ 33. Rxe3 Nh7 34. Bxh7+ 1-0